Rappeur US le plus écouté par lettre - Statistiques

Statistiques générales
  • Ce quiz a été pris 1 321 fois
  • Le résultat moyen est 7 sur 23
Statistiques - réponses
Hint Réponse % Correct
D Drake
79%
E Eminem
70%
T Travis Scott
65%
K Kanye west
61%
L Lil wayne
45%
X XXXtentacion
43%
F Future
41%
P Playboi carti/ post malone
41%
Y Young thug
40%
A A$AP rocky
36%
Q Quavo
30%
C Chris brown / cardi B
29%
J Juice WRLD
24%
O Offset
24%
M Metro boomin/ mac miller
23%
N Nicki minaj
22%
I Ice cube
19%
S SZA/ swae lee
15%
R Rick ross
10%
G Gucci mane
9%
U Usher
7%
B Big sean
4%
W Westside gunn
4%
Aucun quiz correspondant
Distribution des résultats
% des personnes avec chaque résultat
Percentile par nombre de réponses
Votre historique - résultats
Vous n’avez pas pris ce quiz